Historia de Galicia / (Record no. 160415)
[ view plain ]
| 000 -LEADER | |
|---|---|
| campo de control de longitud fija | 01026nam a22002055i 4500 |
| 001 - NÚMERO DE CONTROL | |
| campo de control | 160415 |
| 003 - IDENTIFICADOR DE NÚMERO DE CONTROL | |
| campo de control | ES-MaACL |
| 005 - FECHA Y HORA DE LA ÚLTIMA TRANSACCIÓN | |
| campo de control | 20230906212029.0 |
| 008 - DATOS DE LONGITUD FIJA--INFORMACIÓN GENERAL | |
| campo de control de longitud fija | 950206m18651891sp a |||| | spa d |
| 040 ## - FUENTE DE CATALOGACIÓN | |
| Centro catalogador/agencia de origen | GA |
| Lengua de catalogación | spa |
| Centro/agencia transcriptor | CCPB | PA2 |
| 100 1# - ENTRADA PRINCIPAL--NOMBRE DE PERSONA | |
| Nombre de persona | Murguía, Manuel. |
| 9 (RLIN) | 84577 |
| 245 10 - MENCIÓN DEL TÍTULO | |
| Título | Historia de Galicia / |
| Mención de responsabilidad, etc. | por Manuel Murguia. |
| 260 ## - PUBLICACIÓN, DISTRIBUCIÓN, ETC. | |
| Lugar de publicación, distribución, etc. | Lugo : |
| Nombre del editor, distribuidor, etc. | Imprenta de Soto Freire, editor, |
| Fecha de publicación, distribución, etc. | 1865-1891. |
| 300 ## - DESCRIPCIÓN FÍSICA | |
| Extensión | 4 v. (XXVI, 599 p., [10] h. de lám. ; 580 p., [12] h. de lám., [1] h. de lám. pleg. ; XXVIII, 397 p. ; XVIII, 383 p.) ; |
| Dimensiones | 22 cm. |
| 596 ## - NOTA AL PIE DE IMPRENTA | |
| NOTA AL PIE DE IMPRENTA | Pie de imp. en t. III: La Coruña: Librería de Andrés Martínez, 1888 (Santiago: Imp. y Enc. del Seminario Conciliar) |
| 596 ## - NOTA AL PIE DE IMPRENTA | |
| NOTA AL PIE DE IMPRENTA | Pie de imp. en t. IV: La Coruña: Librería de D. Eugenio Carré, 1891 (Santiago: Imp. de Dieguez y Otero) |
| 596 ## - NOTA AL PIE DE IMPRENTA | |
| NOTA AL PIE DE IMPRENTA | T. III y IV impresos a costa del Centro Gallego de La Habana. |
| 651 #4 - PUNTO DE ACCESO ADICIONAL DE MATERIA--NOMBRE GEOGRÁFICO | |
| Nombre geográfico | Galicia- |
| Subdivisión general | Historia. |
| 9 (RLIN) | 8728 |
| 852 ## - LOCALIZACIÓN | |
| Ubicación | ES-MaACL |
| Número de control de estantería | G-6951-54- |
| Nota libre | -- Enc. pasta española los dos primeros tomos y hol. los dos segundos |
| Estatus retirado | Estado de pérdida | Estado de daño | No para préstamo | Colección | Biblioteca de origen | Biblioteca actual | Ubicación en estantería | Fecha de adquisición | Total de préstamos | Signatura topográfica completa | Código de barras | Visto por última vez | Precio de reemplazo | Tipo de ítem Koha |
|---|---|---|---|---|---|---|---|---|---|---|---|---|---|---|
| Libros del s. XIX | Biblioteca del Ateneo de Madrid | Biblioteca del Ateneo de Madrid | Depósito 2 | 17/01/2008 | G-6951-54 | 1167967 | 23/02/2023 | 23/02/2023 | Libro impreso antiguo |
